| 000 | 00513nam a2200205Ia 4500 | ||
|---|---|---|---|
| 003 | OSt | ||
| 005 | 20250529125439.0 | ||
| 008 | 008 250505s9999 xx 000 0 eng d | ||
| 020 | _a9780199692163 | ||
| 040 |
_aILCL _beng _cILCL |
||
| 041 |
_aeng _2eng |
||
| 082 | _qILCL | ||
| 100 |
_aDenning _9811037 |
||
| 245 | 0 | _aLandmarks in the Law | |
| 260 |
_aNew Delhi _bOxford University Press _c2011 |
||
| 300 | _axvii,394p. | ||
| 365 | _aINR | ||
| 942 |
_cTB _2Colon Classification _n0 |
||
| 999 |
_c1312677 _d1312677 |
||